Il dizionario dell'amore.

Enregistré dans:
Détails bibliographiques
Format: Livre
Langue:italien
Publié: Roma : Bravo, [19..?]
Collection:Sessuologia scientifica
Tags: Ajouter un tag
Pas de tags, Soyez le premier à ajouter un tag!

MARC

LEADER 00000nam a22000007i 4500
001 IT\ICCU\UBO\3455816
003 ItRI
005 20260115232221.0
008 080715q19001999it |||||| ||||| |||||c
040 |b ita  |c importazione bologna sebina 
041 7 |a ita  |2 ISO-639-2 
245 0 3 |a Il dizionario dell'amore. 
260 |a Roma :  |b Bravo,  |c [19..?] 
300 |a 191 p. :  |b ill. ;  |c 17 cm. 
830 0 |a Sessuologia scientifica  |0 IT\ICCU\SBL\0074594 
942 |2 ddc  |c BK  |n 0 
952 |0 0  |1 0  |4 0  |6 DOC_306_703000000000000_DIZ  |7 0  |9 22167  |a BO  |b BO  |d 2026-01-15  |i 451  |l 0  |o DOC 306.703 DIZ  |p BO451  |r 2026-01-15 23:22:21  |w 2026-01-15  |x [Sebina 5] [1 v.]  |y BK  |z 1 v. 
999 |c 18941  |d 18941